| Tag |
First Indicator |
Second Indicator |
Subfields |
| LEADER |
00000pam a2200000 a 4500 |
| 001 |
in00000085851 |
| 005 |
20151008053316.0 |
| 008 |
810415s1981 enkab b 00110 eng |
| 010 |
|
|
|a 81006196
|
| 020 |
|
|
|a 0470272201 (Halsted Press)
|
| 020 |
|
|
|z 0853123381 :
|c 935
|
| 035 |
|
|
|a (OCoLC)07464672
|
| 035 |
|
|
|9 AAH7002AM
|
| 039 |
0 |
|
|a 2
|b 3
|c 3
|d 3
|e 3
|
| 040 |
|
|
|a DLC
|c DLC
|d TXA
|d UtOrBLW
|
| 049 |
|
|
|a TXAM
|c [951975]
|
| 050 |
0 |
0 |
|a QE719
|b .M515 1981
|
| 082 |
0 |
|
|a 560
|2 19
|
| 090 |
|
|
|a QE719
|b N4 1981
|
| 100 |
1 |
|
|a Neale, John William.
|
| 245 |
1 |
0 |
|a Microfossils from recent and fossil shelf seas /
|c editors, J.W. Neale and M.D. Brasier.
|
| 264 |
|
1 |
|a Chichester, West Sussex :
|b published by E. Horwood for the British Micropalaeontological Society ;
|a New York, N.Y. :
|b Halsted Press,
|c 1981.
|
| 300 |
|
|
|a 380 pages :
|b illustrations, maps ;
|c 25 cm.
|
| 336 |
|
|
|a text
|b txt
|2 rdacontent
|
| 337 |
|
|
|a unmediated
|b n
|2 rdamedia
|
| 338 |
|
|
|a volume
|b nc
|2 rdacarrier
|
| 490 |
1 |
|
|a Ellis Horwood series in geology
|
| 490 |
1 |
|
|a British Micropalaeontological Society series
|
| 504 |
|
|
|a Includes bibliographies and index.
|
| 650 |
|
0 |
|a Micropaleontology.
|
| 700 |
1 |
|
|a Brasier, M. D.
|
| 710 |
2 |
|
|a British Micropalaeontological Society.
|
| 830 |
|
0 |
|a Ellis Horwood series in geology.
|
| 830 |
|
0 |
|a British Micropalaeontological Society series.
|
| 999 |
|
|
|a MARS
|
| 999 |
f |
f |
|s bb6c2357-565a-349c-a955-9df026af5938
|i 6f06e47a-e0cb-3cb2-b54f-9486628809b9
|t 0
|
| 952 |
f |
f |
|p normal
|a Texas A&M University
|b Galveston Campus
|c Jack K. Williams Library
|s galv stk
|d Galveston Stacks
|t 0
|e QE719 .M515 1981
|h Library of Congress classification
|i unmediated -- volume
|m 33620000367512
|
| 952 |
f |
f |
|p ric
|a Texas A&M University
|b Rellis Campus
|c Joint Library Facility
|s JLF
|d Remote Storage
|t 0
|e QE719 N4 1981
|h Library of Congress classification
|i unmediated -- volume
|m A14806215430
|
| 998 |
f |
f |
|a QE719 .M515 1981
|t 0
|l Galveston Stacks
|
| 998 |
f |
f |
|a QE719 N4 1981
|t 0
|l Remote Storage
|